000 00546nam a22001937a 4500
003 KOHA_MİRAKIL
005 20251221160359.0
008 251221b tu ||||| |||| 00| 0 tur d
020 _a9786051962757
040 _aTR-AnABB
_btur
_cTR-AnABB
041 _atur
082 _a301.42408
_bOGU 2019
100 1 _aOğuz, Ayla,
245 1 0 _aFeminizm, postkolonyal feminizm ve toplumsal cinsiyet /
_cOğuz, Ayla
260 _aKonya :
_bÇizgi Kitabevi,
_c2019
300 _a176 sayfa ;
_c21 cm
650 0 4 _aFeminizm
942 _2ddc
_cBK
999 _c9864
_d9864
900 _bGizem YORULMAZ